Регионална библиотека "Любен Каравелов" - Русе

Мъже на изпитание (Запис номер 185727)

MARC детайли
000 -Лидер
Контролно поле с фиксирана дължина 01431nam a2200349 c 4500
003 - Код на организацията, давaща контролен номер
Контролно поле BLK
005 - Дата и час на последна редакция
Контролно поле 20180422115429.0
008 - Елементи от данни с фиксирана дължина
fixed length control field 180411b bul|||||r ||||||| ||bul||
010 ## - Наследен системен номер
LC control number KNG00194721000
040 ## - Източник на каталожния запис
Идентификатор на билиотеката - собственик на записа BLK
041 ## - Код за език
Код за езика на текст/звукозапис или на отделно заглавие Български
Код за езика КДБФ Български
080 ## - УДК
Текстов определител УДК Семейно право. Наследствено право. - Семейство, женитба, брак, права и задължения на съпрузите, разторгване на брак и др.
УДК код - определител по УДК 347.6
УДК определител
УДК - код + определител 347.6
080 ## - УДК
Текстов определител УДК Българска литература
УДК код - определител по УДК 821.163.2
УДК определител -4
УДК - код + определител 821.163.2-4
100 1# - Редна дума - Автор
Автор Константинов, Димитър Иванов
Авторска отговорност първи автор
R(LIN) 384299
139 ## - Редно поле
Редна дума Константинов, Димитър Иванов
Авторски знак Констан - К 82
245 10 - Сведения за заглавието
Заглавие Мъже на изпитание
Подзаглавни данни Очерци
Редно поле (дума) Димитър Иванов Константинов.
257 ## - Страна на издаване
Страна на създаване/издаване България
260 ## - Област на издателските данни
-- София
Име на издателя, разпространителя и проч. Профиздат
Година на издаване 1984
300 ## - Физическа характеристика
Страници 112 с.
Размери/Мащаб 21 см
380 ## - Жанр
Жанр Обществени науки
500 ## - Общи забележки
Забележка 181 151 тир.
650 #4 - Допълнително описание по предмет – тема
Основно описание – тема или топоним Семейство и брак - България - правни въпроси
9 (RLIN) 250195
653 ## - Ключова дума – ненормативна
Ключова дума семейство
653 ## - Ключова дума – ненормативна
Ключова дума бракове
653 ## - Ключова дума – ненормативна
Ключова дума правни въпроси
653 ## - Ключова дума – ненормативна
Ключова дума очерци
852 ## - Местоположение
Форматна сигнатура Цб 124827
856 4# - Електронен адрес и достъп
Електронен формат pdf - файл
Път до файла /url/
856 4# - Електронен адрес и достъп
Електронен формат pdf - файл
Път до файла /url/
942 ## - АРТИКУЛИ
Вид на библиотечния материал Книги
Скрит в OPAC Не
944 ## - СЪЗДАВАНЕ И РЕДАКЦИЯ на ЗАПИСА
Създаване/Редакция Създаване
Дата на регистрацията/редакция 28.10.2016
Служител, извършил регистрацията/редакцията Елица_Владова
944 ## - СЪЗДАВАНЕ И РЕДАКЦИЯ на ЗАПИСА
Създаване/Редакция Редакция
Дата на регистрацията/редакция 28.10.2016
Служител, извършил регистрацията/редакцията Елица_Владова
999 ## - СИСТЕМНИ КОНТРОЛНИ НОМЕРА
Koha biblionumber 185727
Koha biblioitemnumber 185727
Наличности
Код за отписване Код за изгубен артикул Източник на класификационната схема Код за повреда Коз за рестрикции Код за отдаване Артикулен № Име на библиотеката - собственик Име на библиотеката, в която се намира в момента Статус (Текущо местоположение) Дата на вписване в системата Местоположение - отдел Цена в лева Инвентарен номер Систематично азбучна сигнатура Баркод Номер на екземпляра Цена в евро Служебна бележка Служебен тип на артикула
  Не е изгубен Universal Decimal Classification Не е повреден без рестрикции ползва се в читалня 322319 Регионална библиотека "Любен Каравелов" Русе Регионална библиотека "Любен Каравелов" Русе Хранилище 1984-01-01 Хранилище 0.81 390782 Цб 124827 900000011682 1 0.41 N: стар фонд Дата: 01.01.1984 Книги
Изтеглен Не е изгубен Universal Decimal Classification Не е повреден без рестрикции заемане за дома 322320 Регионална библиотека "Любен Каравелов" Русе Регионална библиотека "Любен Каравелов" Русе Заемна - подръчен фонд 1984-01-01 Заемна - подръчен фонд 0.81 391463 П 347/К 82 391463 2 0.41 N: стар фонд Дата: 01.01.1984 Книги
Изтеглен Не е изгубен Universal Decimal Classification Не е повреден без рестрикции заемане за дома 322321 Регионална библиотека "Любен Каравелов" Русе Регионална библиотека "Любен Каравелов" Русе Заемна - подръчен фонд 1984-01-01 Заемна - подръчен фонд 0.81 391465 П 347/К 82 391465 3 0.41 N: стар фонд Дата: 01.01.1984 Дата инв: 05.02.2018 Бележки инв: П2018 Книги
Vip Innovations Ltd, Rousse, Bulgaria 2025